[Event "Winnipeg TNT 2023.08"]
[Site "Winnipeg CAN"]
[Date "2023.08.08"]
[Round "2.6"]
[White "Anderson, Collin"]
[Black "Ling, Aiden"]
[Result "1-0"]
[WhiteElo "2031"]
[BlackElo "1448"]
[PlyCount "49"]
[EventDate "2023.08.01"]
[EventType "swiss"]
[EventRounds "4"]
[EventCountry "CAN"]

1. e4 c5 2. d4 cxd4 3. c3 g6 4. cxd4 Bg7 5. Nf3 e6 6. Nc3 Ne7 7. d5 exd5 8.
exd5 Qa5 9. Bd2 Bxc3 10. Bxc3 Qxd5 11. Qxd5 Nxd5 12. Bxh8 f6 13. O-O-O Nb6 14.
Bxf6 Nc6 15. Rd6 a5 16. Bb5 Kf7 17. Ng5+ Kf8 18. Nxh7+ Kg8 19. Ng5 a4 20. Re1
Kf8 21. Bd3 a3 22. Bxg6 axb2+ 23. Kb1 Ne5 24. Rxe5 Rxa2 25. Re8# 1-0

[Event "Winnipeg TNT 2023.08"]
[Site "Winnipeg CAN"]
[Date "2023.08.08"]
[Round "2.7"]
[White "Guan, Marcus"]
[Black "Roberts, Allan"]
[Result "1-0"]
[WhiteElo "1610"]
[BlackElo "1445"]
[PlyCount "97"]
[EventDate "2023.08.01"]
[EventType "swiss"]
[EventRounds "4"]
[EventCountry "CAN"]

1. d4 Nf6 2. c4 e5 3. Nc3 exd4 4. Qxd4 Nc6 5. Qd1 Bb4 6. Bd2 O-O 7. Nf3 Bxc3 8.
Bxc3 Ne4 9. Qc2 Nxc3 10. Qxc3 d6 11. e3 Bf5 12. Bd3 Bxd3 13. Qxd3 Ne5 14. Nxe5
dxe5 15. O-O-O Qxd3 16. Rxd3 Rfd8 17. Rhd1 Rxd3 18. Rxd3 Kf8 19. Rb3 b6 20. c5
Ke7 21. Rb5 Rd8 22. cxb6 c6 23. Rxe5+ Kd6 24. Re4 axb6 25. Rd4+ Ke7 26. Rxd8
Kxd8 27. Kd2 Ke7 28. Kd3 Kd6 29. Kd4 Ke6 30. b4 Kd6 31. a4 f5 32. a5 b5 33. a6
c5+ 34. bxc5+ Kc6 35. a7 Kb7 36. c6+ Kxa7 37. Kc5 b4 38. c7 Kb7 39. Kxb4 Kxc7
40. Kc5 Kd7 41. Kd5 Ke7 42. Ke5 g6 43. h4 Kf7 44. Kd6 Kf6 45. f3 Kf7 46. g4 h5
47. g5 Kf8 48. e4 fxe4 49. fxe4 1-0

[Event "Winnipeg TNT 2023.08"]
[Site "Winnipeg CAN"]
[Date "2023.08.08"]
[Round "2.8"]
[White "Zhou, Joe"]
[Black "Gannon, Keith"]
[Result "1-0"]
[WhiteElo "1629"]
[BlackElo "1463"]
[PlyCount "111"]
[EventDate "2023.08.01"]
[EventType "swiss"]
[EventRounds "4"]
[EventCountry "CAN"]

1. Nf3 Nf6 2. c4 b6 3. g3 Bb7 4. Bg2 g6 5. Nc3 Bg7 6. d3 O-O 7. O-O c5 8. Bd2
Nc6 9. Qc1 d5 10. cxd5 Nxd5 11. Nxd5 Qxd5 12. Bh6 Qd7 13. Bxg7 Kxg7 14. Qc3+ f6
15. a3 Rad8 16. h4 e5 17. Rac1 Nd4 18. Nxd4 exd4 19. Qd2 Bxg2 20. Kxg2 Qd5+ 21.
f3 Rde8 22. Rfe1 Re7 23. Qc2 Rfe8 24. Rcd1 Re3 25. Rd2 h5 26. Qa4 R8e7 27. Kf2
Qe6 28. Kg2 Kh6 29. Qb5 g5 30. hxg5+ fxg5 31. b3 g4 32. f4 Qd5+ 33. Kh2 Qb7 34.
Qc4 Rf7 35. Rf1 Qe7 36. Qd5 Rxe2+ 37. Rf2 Rxf2+ 38. Rxf2 h4 39. Qg5+ Qxg5 40.
fxg5+ Kg6 41. Rxf7 hxg3+ 42. Kxg3 Kxf7 43. Kxg4 Kg6 44. Kf4 b5 45. a4 a6 46. a5
c4 47. dxc4 d3 48. Ke3 d2 49. Kxd2 b4 50. c5 Kxg5 51. c6 Kf6 52. c7 Ke7 53.
c8=Q Kd6 54. Qxa6+ Kc5 55. Qc8+ Kd5 56. a6 1-0

[Event "Winnipeg TNT 2023.08"]
[Site "Winnipeg CAN"]
[Date "2023.08.08"]
[Round "2.9"]
[White "Elias, Mackay"]
[Black "Nallu, Saharsh"]
[Result "1-0"]
[WhiteElo "1512"]
[BlackElo "1063"]
[PlyCount "120"]
[EventDate "2023.08.01"]
[EventType "swiss"]
[EventRounds "4"]
[EventCountry "CAN"]

1. d4 e5 2. dxe5 f6 3. Nf3 fxe5 4. e4 Bc5 5. Nxe5 Qf6 6. Nd3 Bb6 7. Qh5+ g6 8.
Qe5+ Qxe5 9. Nxe5 d6 10. Nd3 Nc6 11. Nc3 Nd4 12. Kd1 Bg4+ 13. Be2 Bxe2+ 14.
Nxe2 Nxe2 15. Kxe2 O-O-O 16. Re1 Ba5 17. c3 Nf6 18. f3 Rhe8 19. Kf2 d5 20. e5
Bb6+ 21. Be3 Bxe3+ 22. Rxe3 d4 23. cxd4 Nd5 24. Re4 a5 25. a3 b6 26. Nf4 Nxf4
27. Rxf4 c5 28. Rc1 g5 29. Re4 Kb7 30. Ke3 cxd4+ 31. Rxd4 Rxd4 32. Kxd4 Rd8+
33. Kc3 Rc8+ 34. Kd2 Rd8+ 35. Ke3 Re8 36. f4 gxf4+ 37. Kxf4 Rf8+ 38. Ke3 Re8
39. Ke4 Rd8 40. Rf1 Rd2 41. Rf7+ Ka6 42. Rxh7 Rxg2 43. Kf5 Rxb2 44. Kf6 Rf2+
45. Ke7 b5 46. Kd8 Rd2+ 47. Rd7 Re2 48. Rd6+ Kb7 49. e6 Rc2 50. Rd7+ Kb8 51.
Ke8 b4 52. axb4 axb4 53. Rd4 Rc8+ 54. Kf7 Rc7+ 55. e7 Kc8 56. Kf8 Rxe7 57. Kxe7
b3 58. Rb4 Kc7 59. Rxb3 Kc6 60. Rd3 Kc5 1-0

[Event "Winnipeg TNT 2023.08"]
[Site "Winnipeg CAN"]
[Date "2023.08.15"]
[Round "3.1"]
[White "Babb, Jeff"]
[Black "Thompson, Peter"]
[Result "1-0"]
[WhiteElo "2116"]
[BlackElo "1775"]
[PlyCount "87"]
[EventDate "2023.08.01"]
[EventType "swiss"]
[EventRounds "4"]
[EventCountry "CAN"]

1. f4 d5 2. Nf3 Nf6 3. g3 c5 4. Bg2 Nc6 5. d3 e6 6. O-O Bd6 7. c3 O-O 8. Kh1 e5
9. fxe5 Nxe5 10. Nxe5 Bxe5 11. d4 cxd4 12. cxd4 Bd6 13. Bg5 Be7 14. Nc3 Be6 15.
Qb3 Ne4 16. Bxe7 Qxe7 17. Nxd5 Bxd5 18. Qxd5 Nd2 19. Rfe1 Rfd8 20. Qxb7 Qxb7
21. Bxb7 Rab8 22. Bg2 Rxb2 23. e3 Rc8 24. Rac1 Rbc2 25. Rxc2 Rxc2 26. Bd5 Kf8
27. Re2 Rc1+ 28. Kg2 Nb1 29. Rb2 Nc3 30. Rb8+ Ke7 31. Rb7+ Kd6 32. Bxf7 Rc2+
33. Kf3 Rxh2 34. Rxa7 g5 35. Bb3 h5 36. Ra6+ Ke7 37. Re6+ Kd7 38. Rg6 g4+ 39.
Kf4 Ne2+ 40. Ke5 Nxg3 41. d5 Kc7 42. d6+ Kd8 43. Rg8+ Kd7 44. Ba4# 1-0

[Event "Winnipeg TNT 2023.08"]
[Site "Winnipeg CAN"]
[Date "2023.08.15"]
[Round "3.2"]
[White "Dhillon, Iqvinder"]
[Black "Peirson, Daniel"]
[Result "1-0"]
[WhiteElo "1885"]
[BlackElo "1746"]
[PlyCount "53"]
[EventDate "2023.08.01"]
[EventType "swiss"]
[EventRounds "4"]
[EventCountry "CAN"]

1. b3 Nf6 2. Bb2 d5 3. e3 c5 4. Bb5+ Nc6 5. Nf3 Bf5 6. d3 e6 7. Nbd2 Bd6 8. Ne5
Qc7 9. f4 O-O 10. Bxc6 bxc6 11. O-O Bxe5 12. Bxe5 Qe7 13. Qe1 Nd7 14. Bb2 f6
15. e4 Bg6 16. c4 d4 17. f5 Bf7 18. fxe6 Bxe6 19. Qh4 Ne5 20. Qg3 Ng4 21. Nf3
Ne3 22. Rf2 a5 23. Bc1 Ng4 24. Rf1 a4 25. bxa4 Rxa4 26. h3 Nh6 27. Bxh6 1-0

[Event "Winnipeg TNT 2023.08"]
[Site "Winnipeg CAN"]
[Date "2023.08.15"]
[Round "3.4"]
[White "Hansima, Charitha"]
[Black "Anderson, Collin"]
[Result "0-1"]
[WhiteElo "1670"]
[BlackElo "2031"]
[PlyCount "52"]
[EventDate "2023.08.01"]
[EventType "swiss"]
[EventRounds "4"]
[EventCountry "CAN"]

1. d4 Nf6 2. Nf3 g6 3. Bf4 Bg7 4. Nbd2 O-O 5. e4 d6 6. Bd3 c5 7. c3 cxd4 8.
cxd4 Nc6 9. Qb3 Nh5 10. Be3 e5 11. d5 Nd4 12. Qc3 Nf4 13. Bxf4 Nxf3+ 14. Nxf3
exf4 15. Qd2 Bg4 16. Rc1 Bxf3 17. gxf3 Qg5 18. Bf1 Rac8 19. Rxc8 Rxc8 20. h4
Qh5 21. Qxf4 Bh6 22. Qg4 Rc1+ 23. Ke2 Qe5 24. Kd3 Qxb2 25. f4 Qc3+ 26. Ke2 Re1#
0-1

[Event "Winnipeg TNT 2023.08"]
[Site "Winnipeg CAN"]
[Date "2023.08.15"]
[Round "3.5"]
[White "Zhou, Joe"]
[Black "Atem, James"]
[Result "0-1"]
[WhiteElo "1629"]
[BlackElo "1798"]
[PlyCount "154"]
[EventDate "2023.08.01"]
[EventType "swiss"]
[EventRounds "4"]
[EventCountry "CAN"]

1. c4 e5 2. Nc3 Nf6 3. g3 c6 4. d4 e4 5. Bg2 d5 6. Bg5 Bb4 7. Qb3 Bxc3+ 8. bxc3
Nbd7 9. cxd5 cxd5 10. Nh3 h6 11. Bd2 O-O 12. Nf4 Nb6 13. e3 Nc4 14. Bf1 g5 15.
Nxd5 Nxd2 16. Nxf6+ Qxf6 17. Kxd2 Qxf2+ 18. Be2 Be6 19. Qc2 Bg4 20. Kd1 Qg2 21.
Rf1 Be6 22. Bd3 Qh3 23. Bb5 a6 24. Be2 Bg4 25. Rf2 Bf5 26. Kd2 Bg6 27. Raf1 b5
28. Qb3 Qd7 29. Rf6 Kg7 30. h3 Qxh3 31. Qd5 Qxg3 32. c4 bxc4 33. Bxc4 Qc7 34.
Rc6 Qh2+ 35. Kc1 Rab8 36. Bb3 Qg3 37. Kb1 Rb5 38. Qd7 Qxe3 39. Rff6 Rxb3+ 40.
axb3 Qxb3+ 41. Kc1 Qe3+ 42. Kc2 Qd3+ 43. Kc1 Bh5 44. Rb6 e3 45. Qd6 Qd2+ 46.
Kb1 Qd3+ 47. Kb2 Rc8 48. Rxf7+ Bxf7 49. Qxh6+ Kg8 50. Qxg5+ Kf8 51. Qh6+ Ke8
52. Re6+ Bxe6 53. Qxe6+ Kd8 54. Qd6+ Ke8 55. Qe6+ Kf8 56. Qxc8+ Kg7 57. Qd7+
Kf6 58. Qd6+ Kg5 59. Qg3+ Kf5 60. Qe5+ Kg4 61. Qe6+ Kf3 62. Qh3+ Ke2 63. Qg2+
Ke1 64. Qg1+ Kd2 65. Qg2+ e2 66. Qg5+ Qe3 67. Qa5+ Kd3 68. Qxa6+ Kxd4 69. Qd6+
Ke4 70. Qe6+ Kf3 71. Qh3+ Kf2 72. Qh2+ Kf1 73. Qh1+ Kf2 74. Qh2+ Kf3 75. Qh3+
Ke4 76. Qe6+ Kf4 77. Qd6+ Qe5+ 0-1

[Event "Winnipeg TNT 2023.08"]
[Site "Winnipeg CAN"]
[Date "2023.08.15"]
[Round "3.6"]
[White "Guan, Marcus"]
[Black "Letain, Cory"]
[Result "1-0"]
[WhiteElo "1610"]
[BlackElo "1723"]
[PlyCount "83"]
[EventDate "2023.08.01"]
[EventType "swiss"]
[EventRounds "4"]
[EventCountry "CAN"]

1. d4 Nf6 2. c4 e6 3. Nf3 Bb4+ 4. Bd2 Bxd2+ 5. Nbxd2 O-O 6. e3 b6 7. Bd3 Bb7 8.
O-O Nc6 9. Rc1 Ne7 10. Qe2 Ng6 11. Rfd1 d5 12. c5 Re8 13. Bxg6 hxg6 14. Ne5 a5
15. f4 Ba6 16. Qf3 Nd7 17. Qf2 Nxe5 18. dxe5 c6 19. Ne4 f6 20. Nd6 Rf8 21. Qg3
fxe5 22. fxe5 bxc5 23. Qxg6 Qe7 24. Rxc5 Rab8 25. Rc2 Rb4 26. g3 c5 27. Rdd2
Rf1+ 28. Kg2 d4 29. Rf2 Rxf2+ 30. Rxf2 Bb7+ 31. Kh3 Be4 32. Nxe4 dxe3 33. Nf6+
Kf8 34. Nd7+ Kg8 35. Rf8+ Qxf8 36. Nxf8 e2 37. Nxe6 Rb7 38. Qe4 Rxb2 39. Nf4
Rb4 40. Qxe2 c4 41. Nd5 Ra4 42. e6 1-0

[Event "Winnipeg TNT 2023.08"]
[Site "Winnipeg CAN"]
[Date "2023.08.15"]
[Round "3.7"]
[White "Elias, Mackay"]
[Black "Stordeur, Jackson"]
[Result "0-1"]
[WhiteElo "1512"]
[BlackElo "1725"]
[PlyCount "48"]
[EventDate "2023.08.01"]
[EventType "swiss"]
[EventRounds "4"]
[EventCountry "CAN"]

1. d4 Nf6 2. c4 g6 3. Nc3 Bg7 4. e4 O-O 5. f3 d6 6. Bg5 c5 7. d5 e6 8. Qd2 exd5
9. cxd5 Re8 10. Bc4 Nbd7 11. Nge2 Ne5 12. Bb3 a6 13. a4 Qb6 14. Qc2 c4 15. Ba2
h6 16. Bh4 Bd7 17. Nc1 Nd3+ 18. Nxd3 cxd3 19. Qxd3 Qxb2 20. Rb1 Qxg2 21. Qf1
Qc2 22. Qc4 Rac8 23. Qb3 Rxc3 24. Qxb7 Re3+ 0-1

[Event "Winnipeg TNT 2023.08"]
[Site "Winnipeg CAN"]
[Date "2023.08.15"]
[Round "3.8"]
[White "Wijekoon, Dilki"]
[Black "Kumbharathi, Harsha"]
[Result "0-1"]
[WhiteElo "1456"]
[BlackElo "1441"]
[PlyCount "123"]
[EventDate "2023.08.01"]
[EventType "swiss"]
[EventRounds "4"]
[EventCountry "CAN"]

1. e4 c6 2. Nc3 d5 3. exd5 cxd5 4. d4 Nf6 5. Nf3 Bf5 6. Be2 e6 7. a3 a6 8. O-O
Bd6 9. h3 Nbd7 10. Be3 O-O 11. Re1 Re8 12. Bd3 Bxd3 13. Qxd3 Qc7 14. Rec1 Rac8
15. Ne2 Qb8 16. c3 h6 17. Re1 Qc7 18. Kh1 Kh8 19. Nd2 Rg8 20. Rf1 Qb8 21. f4
Rge8 22. Qb1 Qc7 23. Qe1 Be7 24. Qf2 Rg8 25. Qf3 Qd8 26. Ng3 Qf8 27. Nh5 Nxh5
28. Qxh5 Nf6 29. Qf3 Nd7 30. Rae1 Nf6 31. Rf2 Qd8 32. Ref1 Qf8 33. f5 Rc6 34.
Qg3 Nh5 35. Qf3 Nf6 36. g4 exf5 37. Qxf5 g6 38. Qf3 Qg7 39. Re2 Rf8 40. Rg2 Nh7
41. Qxd5 Kg8 42. Qf3 Ng5 43. Bxg5 Bxg5 44. Ne4 Be7 45. Qd3 g5 46. Re1 Re6 47.
Rf1 Qg6 48. Re2 Re8 49. Qf3 Bxa3 50. bxa3 Rxe4 51. Rxe4 Qxe4 52. Qxe4 Rxe4 53.
Kh2 Re2+ 54. Kg3 Ra2 55. Rb1 Rxa3 56. Rc1 Kf8 57. d5 Ke7 58. Kg2 Kd6 59. c4 Re3
60. Rb1 Re7 61. Rf1 Rc7 62. Rf6+ 0-1

[Event "Winnipeg TNT 2023.08"]
[Site "Winnipeg CAN"]
[Date "2023.08.15"]
[Round "3.10"]
[White "Roberts, Allan"]
[Black "Abdildin, Amangeldi"]
[Result "0-1"]
[WhiteElo "1445"]
[BlackElo "1760"]
[PlyCount "68"]
[EventDate "2023.08.01"]
[EventType "swiss"]
[EventRounds "4"]
[EventCountry "CAN"]

1. b4 Nf6 2. Bb2 d5 3. e3 Bf5 4. Nf3 e6 5. b5 c6 6. d4 Bd6 7. c4 Bxb1 8. Qxb1
Bb4+ 9. Kd1 Ne4 10. Ke2 Nc3+ 11. Bxc3 Bxc3 12. c5 Bxa1 13. Qxa1 cxb5 14. Qc3
Nc6 15. Qb3 O-O 16. Qxb5 Qc7 17. Ne5 Nxe5 18. dxe5 a6 19. Qb2 Qxc5 20. Qxb7
Qc2+ 21. Kf3 Qe4+ 22. Kg3 Qxe5+ 23. Kf3 Qe4+ 24. Kg3 h5 25. h4 Qg4+ 26. Kh2
Rab8 27. Qxa6 Rb2 28. f3 Qxh4+ 29. Kg1 Qf2+ 30. Kh2 Rb4 31. e4 dxe4 32. a3 exf3
33. axb4 Qh4+ 34. Kg1 f2# 0-1

[Event "Winnipeg TNT 2023.08"]
[Site "Winnipeg CAN"]
[Date "2023.08.15"]
[Round "3.11"]
[White "Nallu, Saharsh"]
[Black "Gannon, Keith"]
[Result "0-1"]
[WhiteElo "1063"]
[BlackElo "1467"]
[PlyCount "54"]
[EventDate "2023.08.01"]
[EventType "swiss"]
[EventRounds "4"]
[EventCountry "CAN"]

1. e4 e5 2. Bc4 Nf6 3. d3 Be7 4. Qf3 O-O 5. d4 d6 6. dxe5 dxe5 7. Qg3 Nxe4 8.
Qxe5 Nf6 9. Qg3 Bd6 10. Qh4 Re8+ 11. Ne2 Re4 12. Bxf7+ Kxf7 13. Qg5 Rg4 14. Qe3
Be6 15. Nd4 Re4 16. Qxe4 Nxe4 17. Nxe6 Kxe6 18. O-O Qh4 19. h3 Kf7 20. g3 Qxh3
21. Bf4 Bxf4 22. gxf4 Qg4+ 23. Kh1 Qxf4 24. f3 Ng3+ 25. Kg1 Nxf1 26. Kxf1 Qc1+
27. Kg2 Qxb2 0-1

[Event "Winnipeg TNT 2023.08"]
[Site "Winnipeg CAN"]
[Date "2023.08.22"]
[Round "4.1"]
[White "Kahanda, Inuri"]
[Black "Babb, Jeff"]
[Result "1-0"]
[WhiteElo "1569"]
[BlackElo "2116"]
[PlyCount "78"]
[EventDate "2023.08.01"]
[EventType "swiss"]
[EventRounds "4"]
[EventCountry "CAN"]

1. d4 Nf6 2. Bf4 c5 3. e3 Qb6 4. Nc3 d5 5. Nb5 Na6 6. Nf3 Bd7 7. dxc5 Qxc5 8.
Nfd4 g6 9. Be2 Bg7 10. O-O O-O 11. Nb3 Qc8 12. Nc3 Bc6 13. Bxa6 bxa6 14. h3 Re8
15. Re1 h6 16. Na5 e5 17. Bh2 Rb8 18. Nxc6 Qxc6 19. Rb1 Rb4 20. Qd2 Rc4 21.
Rbd1 d4 22. exd4 exd4 23. Rxe8+ Nxe8 24. Ne2 Rxc2 25. Qd3 Qc4 26. Qxc4 Rxc4 27.
Bb8 Rb4 28. Bxa7 Rxb2 29. Nxd4 Rxa2 30. Nc6 Nf6 31. Rd8+ Kh7 32. Ne5 Rb2 33.
Be3 Rb1+ 34. Kh2 Rb7 35. Nc4 Rc7 36. Na5 Rd7 37. Ra8 Nd5 38. Rxa6 Be5+ 39. Kg1
Nb4 1-0

[Event "Winnipeg TNT 2023.08"]
[Site "Winnipeg CAN"]
[Date "2023.08.22"]
[Round "4.2"]
[White "Anderson, Collin"]
[Black "Stordeur, Jackson"]
[Result "1-0"]
[WhiteElo "2031"]
[BlackElo "1725"]
[PlyCount "49"]
[EventDate "2023.08.01"]
[EventType "swiss"]
[EventRounds "4"]
[EventCountry "CAN"]

1. e4 c5 2. d4 cxd4 3. c3 dxc3 4. Nxc3 Nc6 5. Nf3 e6 6. Bc4 a6 7. O-O Nge7 8.
Bg5 f6 9. Be3 Ng6 10. Qe2 Be7 11. Rfd1 d6 12. h4 O-O 13. h5 Nge5 14. Nxe5 Nxe5
15. Bb3 Kh8 16. Rac1 Qe8 17. f4 Nc6 18. Na4 Na5 19. Nb6 Nxb3 20. axb3 Rb8 21.
Rc7 f5 22. Rdc1 Bf6 23. Rxc8 Rxc8 24. Rxc8 Qxc8 25. Nxc8 1-0

[Event "Winnipeg TNT 2023.08"]
[Site "Winnipeg CAN"]
[Date "2023.08.22"]
[Round "4.3"]
[White "Atem, James"]
[Black "Guan, Marcus"]
[Result "0-1"]
[WhiteElo "1798"]
[BlackElo "1610"]
[PlyCount "138"]
[EventDate "2023.08.01"]
[EventType "swiss"]
[EventRounds "4"]
[EventCountry "CAN"]

1. e4 c6 2. a4 d5 3. e5 Bf5 4. d4 e6 5. Nf3 c5 6. c3 Nc6 7. dxc5 Bxc5 8. b4 Bb6
9. a5 Bc7 10. Bb5 Nge7 11. Bg5 O-O 12. Bxc6 bxc6 13. Nd4 Qd7 14. Bxe7 Qxe7 15.
Nxc6 Qg5 16. O-O Bxb1 17. f4 Qh4 18. g3 Qh6 19. Rxb1 f6 20. Qg4 fxe5 21. fxe5
Bxe5 22. Rfe1 Bxc3 23. Rxe6 Qd2 24. Rd1 Qf2+ 25. Kh1 Rae8 26. h4 Rxe6 27. Qxe6+
Kh8 28. Qg4 g6 29. Rg1 a6 30. Rg2 Qf6 31. Qd7 d4 32. Kh2 d3 33. Ne7 Bxb4 34.
Nd5 Qd6 35. Qxd6 Bxd6 36. Rd2 Rf3 37. Kg2 Rxg3+ 38. Kf2 Rh3 39. Rd1 Rxh4 40.
Rxd3 Rh2+ 41. Kf3 Rh3+ 42. Ke4 Rxd3 43. Kxd3 Kg7 44. Ke4 Kh6 45. Kf3 Kg5 46.
Ne3 Bc7 47. Nc4 Kh4 48. Kg2 h5 49. Kf3 Kh3 50. Nb6 Bd6 51. Nc4 Bb4 52. Kf4 Kh4
53. Kf3 g5 54. Kg2 g4 55. Kh2 Kg5 56. Kg2 h4 57. Kf2 Kf4 58. Kg2 Bc3 59. Nb6
Bxa5 60. Nd5+ Kg5 61. Ne3 Bb6 62. Nc4 Bc7 63. Nd2 h3+ 64. Kg1 g3 65. Nc4 a5 66.
Kh1 a4 67. Kg1 Kf4 68. Kh1 Kf3 69. Kg1 h2+ 0-1

[Event "Winnipeg TNT 2023.08"]
[Site "Winnipeg CAN"]
[Date "2023.08.22"]
[Round "4.4"]
[White "Thompson, Peter"]
[Black "Kumbharathi, Harsha"]
[Result "1-0"]
[WhiteElo "1775"]
[BlackElo "1441"]
[PlyCount "61"]
[EventDate "2023.08.01"]
[EventType "swiss"]
[EventRounds "4"]
[EventCountry "CAN"]

1. e4 c6 2. d4 d5 3. Nc3 dxe4 4. Nxe4 Bf5 5. Ng3 Bg6 6. h4 h6 7. Nf3 e6 8. Bd3
Bxd3 9. Qxd3 Nf6 10. O-O Bd6 11. Re1 Bxg3 12. fxg3 O-O 13. Ne5 Nbd7 14. Qf3
Nxe5 15. dxe5 Nd5 16. Kh1 Ne7 17. Be3 Qc7 18. Bc5 Rfe8 19. Bd6 Qd7 20. g4 Nc8
21. Red1 Nxd6 22. Rxd6 Qc7 23. g5 hxg5 24. hxg5 g6 25. Rad1 Red8 26. Qf6 Rxd6
27. exd6 Qd8 28. Qe5 Kh7 29. Rd3 f6 30. gxf6 Kg8 31. Qxe6+ 1-0

[Event "Winnipeg TNT 2023.08"]
[Site "Winnipeg CAN"]
[Date "2023.08.22"]
[Round "4.6"]
[White "Gannon, Keith"]
[Black "Elias, Mackay"]
[Result "1-0"]
[WhiteElo "1463"]
[BlackElo "1512"]
[PlyCount "119"]
[EventDate "2023.08.01"]
[EventType "swiss"]
[EventRounds "4"]
[EventCountry "CAN"]

1. Nf3 Nf6 2. Nc3 d5 3. e3 Bg4 4. Be2 e6 5. O-O Bd6 6. d4 c5 7. Nb5 O-O 8. Nxd6
Qxd6 9. c3 Nc6 10. dxc5 Qxc5 11. Nd4 Bxe2 12. Qxe2 e5 13. Nxc6 bxc6 14. Bd2
Rab8 15. b4 Qb5 16. Qxb5 Rxb5 17. a4 Rb7 18. g3 a5 19. Rfc1 e4 20. Kg2 Nd7 21.
f3 exf3+ 22. Kxf3 Ne5+ 23. Ke2 Nc4 24. Be1 Re8 25. Bd2 Rbe7 26. bxa5 Nxe3 27.
Bxe3 Rxe3+ 28. Kf1 g6 29. Re1 Rxe1+ 30. Rxe1 Ra8 31. Rb1 Rxa5 32. Rb8+ Kg7 33.
Rc8 Rc5 34. a5 Rxc3 35. a6 h5 36. a7 Ra3 37. a8=Q Rxa8 38. Rxa8 Kf6 39. Ra6 Ke5
40. Rxc6 f6 41. Ke2 g5 42. Ke3 f5 43. Rh6 d4+ 44. Kd3 f4 45. gxf4+ Kxf4 46.
Rxh5 Kg4 47. Rh8 Kf5 48. Kxd4 Kg4 49. Ke3 Kf5 50. Kf3 g4+ 51. Kg3 Kg6 52. Kxg4
Kf7 53. h4 Kg6 54. h5+ Kg7 55. Ra8 Kh7 56. Kg5 Kg7 57. h6+ Kh7 58. Ra7+ Kg8 59.
Kg6 Kh8 60. Ra8# 1-0

[Event "Winnipeg TNT 2023.08"]
[Site "Winnipeg CAN"]
[Date "2023.08.22"]
[Round "4.7"]
[White "Nallu, Saharsh"]
[Black "Hansima, Charitha"]
[Result "0-1"]
[WhiteElo "1063"]
[BlackElo "1670"]
[PlyCount "48"]
[EventDate "2023.08.01"]
[EventType "swiss"]
[EventRounds "4"]
[EventCountry "CAN"]

1. e4 d5 2. d4 dxe4 3. Bc4 Nf6 4. Bg5 Nbd7 5. Bb5 c6 6. Bxf6 Nxf6 7. Bc4 Bg4 8.
f3 exf3 9. gxf3 Bf5 10. d5 Qa5+ 11. Nc3 Rd8 12. Qe2 Nxd5 13. Bxd5 cxd5 14.
O-O-O e6 15. Qb5+ Qxb5 16. Nxb5 Bc5 17. Nc7+ Ke7 18. Ne2 a6 19. Nd4 Bxd4 20.
Rxd4 Kd6 21. Nxd5 exd5 22. Re1 Rhe8 23. Rxe8 Rxe8 24. b3 Re2 {
and Black won in 67} 0-1

[Event "Winnipeg TNT 2023.09"]
[Site "Winnipeg CAN"]
[Date "2023.09.05"]
[Round "1.1"]
[White "Babb, Jeff"]
[Black "Zhou, Joe"]
[Result "0-1"]
[WhiteElo "2049"]
[BlackElo "1620"]
[PlyCount "154"]
[EventDate "2023.09.05"]
[EventType "swiss"]
[EventRounds "4"]
[EventCountry "CAN"]

1. f4 d5 2. Nf3 Nf6 3. g3 Bf5 4. c3 c5 5. Bg2 Nc6 6. O-O e6 7. d3 Bd6 8. Nh4
O-O 9. Qe1 Bc7 10. e4 Bg6 11. e5 Nd7 12. Nxg6 hxg6 13. Na3 a6 14. Be3 f6 15. d4
Bb6 16. Nc2 cxd4 17. Nxd4 Nxd4 18. cxd4 f5 19. h4 Ba5 20. b4 Bb6 21. a4 Qe7 22.
Qd2 a5 23. b5 Rfc8 24. Rfc1 Qf8 25. Bf1 Rxc1 26. Rxc1 Qa3 27. Qc3 Qxc3 28. Rxc3
Kf7 29. Be2 Ke7 30. Kf2 Kd8 31. Ke1 Rc8 32. Kd2 Rxc3 33. Kxc3 Ke7 34. h5 gxh5
35. Bxh5 Kf8 36. Bc1 Bd8 37. Kb3 Be7 38. Bd2 b6 39. g4 fxg4 40. Bxg4 Kf7 41.
Kc2 Bh4 42. f5 Nf8 43. Kd3 g6 44. f6 Nh7 45. Bxa5 bxa5 46. b6 Nf8 47. b7 Nd7
48. Ke3 Bg5+ 49. Kd3 Bf4 50. Be2 Nxe5+ 51. dxe5 Bxe5 52. Ke3 Kxf6 53. Kf3 Kg5
54. Bd3 Bb8 55. Bb5 e5 56. Bc6 d4 57. Be4 Bc7 58. Kg3 d3 59. Kf3 d2 60. Ke2 Kh5
61. Kxd2 g5 62. Ke2 Kg4 63. Kf2 Kf4 64. Bf3 g4 65. Be2 g3+ 66. Kg2 Ke3 67. Bh5
e4 68. Bg6 Kd4 69. Kf1 e3 70. Bh5 Kd3 71. Be2+ Kd2 72. Bb5 g2+ 73. Kxg2 e2 74.
Bxe2 Kxe2 75. Kh3 Kf3 76. Kh4 Ke4 77. Kg5 Kd5 0-1

[Event "Winnipeg TNT 2023.09"]
[Site "Winnipeg CAN"]
[Date "2023.09.05"]
[Round "1.2"]
[White "Repaka, Prabhav"]
[Black "Vaughan, Nathan"]
[Result "0-1"]
[WhiteElo "1599"]
[BlackElo "1995"]
[PlyCount "62"]
[EventDate "2023.09.05"]
[EventType "swiss"]
[EventRounds "4"]
[EventCountry "CAN"]

1. e4 e5 2. Nf3 Nc6 3. Bc4 Nf6 4. d3 Be7 5. Nc3 d6 6. h3 Na5 7. O-O Nxc4 8.
dxc4 O-O 9. Re1 c6 10. Bg5 Be6 11. Qe2 Nd7 12. Be3 f5 13. exf5 Rxf5 14. Rad1
Qf8 15. Ne4 h6 16. Ng3 Rf7 17. b3 Bxh3 18. Nd2 Be6 19. Nf3 Bg4 20. Bc1 Bxf3 21.
gxf3 Rxf3 22. Rd3 Rf7 23. Qg4 Nc5 24. Rd2 Bg5 25. Rde2 Bxc1 26. Rxc1 Rf4 27.
Qh3 Qf6 28. b4 Ne6 29. Qg2 Rg4 30. Qh3 Qg5 31. Rd1 Nf4 0-1

[Event "Winnipeg TNT 2023.09"]
[Site "Winnipeg CAN"]
[Date "2023.09.05"]
[Round "1.3"]
[White "Kwiatek, Jordan"]
[Black "Aiello, Mick"]
[Result "1-0"]
[WhiteElo "1970"]
[BlackElo "1563"]
[PlyCount "95"]
[EventDate "2023.09.05"]
[EventType "swiss"]
[EventRounds "4"]
[EventCountry "CAN"]

1. d4 Nf6 2. Bg5 g6 3. Bxf6 exf6 4. c4 Bg7 5. e3 f5 6. Ne2 d6 7. g3 Nd7 8. Bg2
O-O 9. O-O c6 10. Nbc3 Nf6 11. Rb1 a5 12. a3 Bd7 13. b4 axb4 14. axb4 Rb8 15.
b5 cxb5 16. Nxb5 Bxb5 17. Rxb5 Qc7 18. Qd3 Rfe8 19. Rfb1 Re7 20. Rxb7 Rxb7 21.
Rxb7 Qd8 22. Rxe7 Qxe7 23. Nf4 h5 24. Nd5 Nxd5 25. Bxd5 h4 26. Kg2 Bf6 27. Qb3
Bg5 28. Qb7 Kf8 29. Qc8+ Kg7 30. Qb7 Qxb7 31. Bxb7 hxg3 32. hxg3 Be7 33. Kf3 g5
34. e4 fxe4+ 35. Kxe4 Kg6 36. g4 Bf8 37. Bc8 Kf6 38. Kd5 Ke7 39. Bf5 Kd8 40.
Bh7 Kd7 41. Bg8 f6 42. Be6+ Kc7 43. Bf5 Be7 44. Ke6 Kd8 45. Kf7 d5 46. c5 Bxc5
47. dxc5 Kc7 48. Kxf6 1-0

[Event "Winnipeg TNT 2023.09"]
[Site "Winnipeg CAN"]
[Date "2023.09.05"]
[Round "1.4"]
[White "Pearce, Thomas"]
[Black "Currie, James"]
[Result "0-1"]
[WhiteElo "1534"]
[BlackElo "1924"]
[PlyCount "46"]
[EventDate "2023.09.05"]
[EventType "swiss"]
[EventRounds "4"]
[EventCountry "CAN"]

1. d4 Nf6 2. c4 c5 3. Nf3 cxd4 4. Nxd4 e5 5. Nb3 d5 6. e3 Nc6 7. Nc3 d4 8. exd4
exd4 9. Nb5 Bb4+ 10. Bd2 d3 11. f3 Qe7+ 12. Kf2 Bc5+ 13. N5d4 Bxd4+ 14. Nxd4
Nxd4 15. Bxd3 O-O 16. Re1 Be6 17. Bc3 Nc6 18. b3 Qc5+ 19. Kf1 Rad8 20. Qc2 Nd4
21. Qb2 Nxf3 22. gxf3 Bh3+ 23. Ke2 Rfe8+ 0-1

[Event "Winnipeg TNT 2023.09"]
[Site "Winnipeg CAN"]
[Date "2023.09.05"]
[Round "1.5"]
[White "Rutter, Blair"]
[Black "Melnyk, James"]
[Result "1-0"]
[WhiteElo "1902"]
[BlackElo "1530"]
[PlyCount "63"]
[EventDate "2023.09.05"]
[EventType "swiss"]
[EventRounds "4"]
[EventCountry "CAN"]

1. c4 e5 2. g3 d6 3. Bg2 c6 4. Nc3 f5 5. d3 Nf6 6. Rb1 Be6 7. Nf3 Nbd7 8. b4 d5
9. cxd5 Nxd5 10. Nxd5 Bxd5 11. a3 Bd6 12. O-O O-O 13. e3 Rc8 14. Bb2 Qe7 15.
Re1 Rfe8 16. Qd2 c5 17. e4 Be6 18. Bc3 cxb4 19. Bxb4 Bxb4 20. axb4 h6 21. exf5
Bxf5 22. Nd4 Qf6 23. Nxf5 Qxf5 24. Bxb7 Rc7 25. Be4 Qf6 26. Rec1 Qd6 27. Rxc7
Qxc7 28. Rc1 Qb8 29. Qc3 Nf6 30. Bg2 e4 31. dxe4 Nxe4 32. Qc4+ 1-0